Naveena nadeel reethiyil chakirichorinte pradhanyam (Record no. 51934)

MARC details
000 -LEADER
fixed length control field 00300nam a2200121Ia 4500
100 ## - MAIN ENTRY--AUTHOR NAME
Personal name Soman T.A.
245 #0 - TITLE STATEMENT
Title Naveena nadeel reethiyil chakirichorinte pradhanyam
260 ## - PUBLICATION, DISTRIBUTION, ETC. (IMPRINT)
Name of publisher Rubber
Year of publication 2009
300 ## - PHYSICAL DESCRIPTION
Number of Pages 21
700 ## - ADDED ENTRY--PERSONAL NAME
Personal name Varghese Y.A.
942 ## - ADDED ENTRY ELEMENTS (KOHA)
Koha item type Bibliography STAF
Holdings
Withdrawn status Lost status Damaged status Not for loan Home library Current library Date acquired Serial Enumeration / chronology Koha item type
      Bibliography RRII Library RRII Library 27/11/2009 Volume 521, Issue Aug Bibliography STAF